Statistics for First And Last Country By Each Letter Of The Alphabet

Click here to take the quiz!

General Stats

  • This quiz has been taken 70 times
    (47 since last reset)
  • The average score is 31 of 45

Answer Stats

LetterCountry% Correct
AAfghanistan
96%
AAzerbaijan
81%
OOman
81%
GGabon
78%
JJamaica
78%
QQatar
78%
VVanuatu
78%
YYemen
78%
ZZambia
78%
ZZimbabwe
78%
FFrance
74%
HHaiti
74%
KKazakhstan
74%
MMyanmar
74%
BBahamas
70%
BBurundi
70%
CCzechia
70%
JJordan
70%
KKyrgyzstan
70%
LLaos
70%
MMadagascar
70%
NNamibia
70%
RRwanda
70%
UUganda
70%
DDemocratic Republic
Of The Congo
67%
DDominican Republic
67%
FFiji
67%
HHungary
67%
IIceland
67%
SSyria
67%
TTuvalu
67%
UUzbekistan
67%
EEthiopia
63%
GGuyana
63%
RRepublic Of The Congo
63%
CCambodia
59%
IItaly
59%
LLuxembourg
59%
PPakistan
59%
EEcuador
56%
PPortugal
56%
VVietnam
56%
NNorway
52%
SSaint Kitts And Nevis
52%
TTaiwan
52%

Score Distribution

Percentile by Number Answered

Percent of People with Each Score

Your Score History

You have not taken this quiz since the last reset